<?xml version="1.0" encoding="UTF-8"?>
<collection xmlns="http://www.loc.gov/MARC21/slim">
 <record>
  <leader>01915cam a2200421  a4500</leader>
  <controlfield tag="001">1181668859</controlfield>
  <controlfield tag="003">DE-627</controlfield>
  <controlfield tag="005">20230628100742.0</controlfield>
  <controlfield tag="007">tu</controlfield>
  <controlfield tag="008">040602m20042004it |||||      00| ||ita c</controlfield>
  <datafield tag="020" ind1=" " ind2=" ">
   <subfield code="a">8822253221</subfield>
   <subfield code="9">88-222-5322-1</subfield>
  </datafield>
  <datafield tag="024" ind1="3" ind2=" ">
   <subfield code="a">9788822253224</subfield>
  </datafield>
  <datafield tag="035" ind1=" " ind2=" ">
   <subfield code="a">(DE-627)1181668859</subfield>
  </datafield>
  <datafield tag="035" ind1=" " ind2=" ">
   <subfield code="a">(DE-576)111668859</subfield>
  </datafield>
  <datafield tag="035" ind1=" " ind2=" ">
   <subfield code="a">(DE-599)BSZ111668859</subfield>
  </datafield>
  <datafield tag="040" ind1=" " ind2=" ">
   <subfield code="a">DE-627</subfield>
   <subfield code="b">ger</subfield>
   <subfield code="c">DE-627</subfield>
   <subfield code="e">rakwb</subfield>
  </datafield>
  <datafield tag="041" ind1=" " ind2=" ">
   <subfield code="a">ita</subfield>
  </datafield>
  <datafield tag="044" ind1=" " ind2=" ">
   <subfield code="c">XA-IT</subfield>
  </datafield>
  <datafield tag="082" ind1="0" ind2=" ">
   <subfield code="a">709</subfield>
  </datafield>
  <datafield tag="084" ind1=" " ind2=" ">
   <subfield code="a">9,10</subfield>
   <subfield code="2">ssgn</subfield>
  </datafield>
  <datafield tag="245" ind1="1" ind2="0">
   <subfield code="a">Francesco di Giorgio alla Corte di Federico da Montefeltro</subfield>
   <subfield code="b">atti del convegno internazionali di studi; Urbino, monastero di Santa Chiara, 11 - 13 ottobre 2001</subfield>
   <subfield code="c">a cura di Francesco Paolo Fiore</subfield>
  </datafield>
  <datafield tag="264" ind1=" " ind2="1">
   <subfield code="a">[Firenze]</subfield>
   <subfield code="b">Olschki</subfield>
   <subfield code="c">2004-2004</subfield>
  </datafield>
  <datafield tag="336" ind1=" " ind2=" ">
   <subfield code="a">Text</subfield>
   <subfield code="b">txt</subfield>
   <subfield code="2">rdacontent</subfield>
  </datafield>
  <datafield tag="337" ind1=" " ind2=" ">
   <subfield code="a">ohne Hilfsmittel zu benutzen</subfield>
   <subfield code="b">n</subfield>
   <subfield code="2">rdamedia</subfield>
  </datafield>
  <datafield tag="338" ind1=" " ind2=" ">
   <subfield code="a">Band</subfield>
   <subfield code="b">nc</subfield>
   <subfield code="2">rdacarrier</subfield>
  </datafield>
  <datafield tag="490" ind1="0" ind2=" ">
   <subfield code="a">Biblioteca dell'&quot;Archivum Romanicum&quot;</subfield>
   <subfield code="a">Ser. 1</subfield>
   <subfield code="v">317</subfield>
  </datafield>
  <datafield tag="655" ind1=" " ind2="7">
   <subfield code="a">Konferenzschrift</subfield>
   <subfield code="y">2001</subfield>
   <subfield code="z">Urbino</subfield>
   <subfield code="0">(DE-588)1071861417</subfield>
   <subfield code="0">(DE-627)826484824</subfield>
   <subfield code="0">(DE-576)433375485</subfield>
   <subfield code="2">gnd-content</subfield>
  </datafield>
  <datafield tag="689" ind1="0" ind2="0">
   <subfield code="d">p</subfield>
   <subfield code="0">(DE-588)118782339</subfield>
   <subfield code="0">(DE-627)035687916</subfield>
   <subfield code="0">(DE-576)164696180</subfield>
   <subfield code="a">Martini, Francesco di Giorgio</subfield>
   <subfield code="d">1439-1501</subfield>
   <subfield code="2">gnd</subfield>
  </datafield>
  <datafield tag="689" ind1="0" ind2="1">
   <subfield code="d">p</subfield>
   <subfield code="0">(DE-588)118967444</subfield>
   <subfield code="0">(DE-627)079747345</subfield>
   <subfield code="0">(DE-576)160917484</subfield>
   <subfield code="a">Montefeltro, Federigo da</subfield>
   <subfield code="d">1422-1482</subfield>
   <subfield code="2">gnd</subfield>
  </datafield>
  <datafield tag="689" ind1="0" ind2=" ">
   <subfield code="5">(DE-627)</subfield>
  </datafield>
  <datafield tag="700" ind1="1" ind2=" ">
   <subfield code="a">Fiore, Francesco Paolo</subfield>
   <subfield code="d">1946-</subfield>
   <subfield code="e">Hrsg.</subfield>
   <subfield code="0">(DE-588)132780593</subfield>
   <subfield code="0">(DE-627)52693350X</subfield>
   <subfield code="0">(DE-576)299408868</subfield>
   <subfield code="4">edt</subfield>
  </datafield>
  <datafield tag="700" ind1="1" ind2=" ">
   <subfield code="a">Martini, Francesco di Giorgio</subfield>
   <subfield code="d">1439-1501</subfield>
   <subfield code="e">Ill.</subfield>
   <subfield code="0">(DE-588)118782339</subfield>
   <subfield code="0">(DE-627)035687916</subfield>
   <subfield code="0">(DE-576)164696180</subfield>
   <subfield code="4">ill</subfield>
  </datafield>
  <datafield tag="787" ind1="0" ind2="8">
   <subfield code="i">Rezension</subfield>
   <subfield code="a">Herzner-Kmentt, Irmlind Luise</subfield>
   <subfield code="t">[Rezension von: Francesco di Giorgio alla Corte di Federico da Montefeltro]</subfield>
   <subfield code="d">2005</subfield>
   <subfield code="w">(DE-627)1543878083</subfield>
   <subfield code="w">(DE-576)473878089</subfield>
  </datafield>
  <datafield tag="951" ind1=" " ind2=" ">
   <subfield code="a">MC</subfield>
  </datafield>
  <datafield tag="990" ind1=" " ind2=" ">
   <subfield code="a">Martini, Francesco di Giorgio</subfield>
  </datafield>
  <datafield tag="990" ind1=" " ind2=" ">
   <subfield code="a">Montefeltro, Federigo da</subfield>
  </datafield>
  <datafield tag="991" ind1=" " ind2=" ">
   <subfield code="a">Rezensiertes Werk</subfield>
  </datafield>
  <datafield tag="999" ind1=" " ind2=" ">
   <subfield code="a">KXP-PPN1181668859</subfield>
   <subfield code="e">415300071X</subfield>
  </datafield>
 </record>
</collection>
